भूगोल / (Record no. 121876)

MARC details
000 -LEADER
fixed length control field 00807nam a22002297a 4500
005 - DATE AND TIME OF LATEST TRANSACTION
control field 20170124103221.0
010 ## - LIBRARY OF CONGRESS CONTROL NUMBER
LC control number A-536736
020 ## - INTERNATIONAL STANDARD BOOK NUMBER
Terms of availability 00.00
035 ## - SYSTEM CONTROL NUMBER
System control number A-536736
037 ## - SOURCE OF ACQUISITION
Source of stock number/acquisition Cen Lib/Ret
040 ## - CATALOGING SOURCE
Original cataloging agency DPL
Language of cataloging HN
082 ## - DEWEY DECIMAL CLASSIFICATION NUMBER
Classification number 000
Item number आईए
100 ## - MAIN ENTRY--PERSONAL NAME
Personal name आई. ए.
9 (RLIN) 101511
245 ## - TITLE STATEMENT
Title भूगोल /
Statement of responsibility, etc आई. ए.
246 ## - VARYING FORM OF TITLE
Title proper/short title Bhugol
Remainder of title by I.A.
300 ## - PHYSICAL DESCRIPTION
Extent 225पृष्ठ.
Dimensions 22सेमी(सजिल्द)
650 ## - SUBJECT ADDED ENTRY--TOPICAL TERM
Topical term or geographic name as entry element प्रतियोगी परीक्षा - भूगोल
9 (RLIN) 82925
650 ## - SUBJECT ADDED ENTRY--TOPICAL TERM
Topical term or geographic name as entry element प्रतियोगी परीक्षा टेस्ट बुक
9 (RLIN) 86232
650 ## - SUBJECT ADDED ENTRY--TOPICAL TERM
Topical term or geographic name as entry element Competitive Examination - Geography
9 (RLIN) 101512
650 ## - SUBJECT ADDED ENTRY--TOPICAL TERM
Topical term or geographic name as entry element Competitive Examination Test book
9 (RLIN) 101513
942 ## - ADDED ENTRY ELEMENTS (KOHA)
Source of classification or shelving scheme Dewey Decimal Classification
Koha item type Hindi Books
Classification part 000
Call number suffix आई.ए.
Holdings
Withdrawn status Lost status Damaged status Not for loan Home library Current library Date acquired Source of acquisition Cost, normal purchase price Total Checkouts Full call number Barcode Date last seen Copy number Cost, replacement price Price effective from Koha item type
        Central Library Central Library 13/10/2015 Cen Lib/Ret 0.00   000 आईए A-536736 13/10/2015 1 0.00 13/10/2015 Hindi Books

© Delhi Public Library
Hit Counter
free hit counter